000 01692nam a2200229Ia 4500
008 260220t9999||||xx |||||||||||||| ||spa||
040 _aPY-SlUNAC
_bspa
_erda
041 _aspa
082 _a305.23
_bQ3lq
245 0 _aLo que los jóvenes preguntan:
264 _aNueva York :
_bBruguera,
_c[Fecha de publicación no identificada].
300 _a1 volumen
520 _aEl libro "Lo que los jóvenes preguntan" es una recopilación de inquietudes y preguntas formuladas por adolescentes sobre diversos temas que les afectan en su vida cotidiana. A través de sus páginas, se aborda una amplia gama de tópicos, incluyendo relaciones interpersonales, identidad, sexualidad, problemas familiares y la búsqueda de un propósito. El texto no solo busca dar respuesta a las preguntas planteadas, sino que también invita a la reflexión sobre la complejidad de la adolescencia y los desafíos que enfrentan los jóvenes en un mundo en constante cambio. Los autores, mediante un enfoque empático, proporcionan información relevante y consejos prácticos, promoviendo un diálogo abierto y honesto. Además, el libro fomenta la autoexploración y el crecimiento personal, alentar a los jóvenes a encontrar sus propias respuestas y desarrollar habilidades para enfrentar situaciones difíciles. En conjunto, esta obra se presenta como una guía valiosa que acompaña a los adolescentes en su proceso de formación y autoconocimiento.
653 _aDesarrollo personal
653 _aEducación
653 _aJuventud
942 _b2026/02/17
_cBK
999 _c6975
_d6975